000 00294nam a22001337a 4500
008 170511b xxu||||| |||| 00| 0 eng d
020 _a9780820570556
041 _aeng
080 _23RD
_a34
100 _a15
101 _aSHJ
245 _aCONSTITUTIONAL LAW
_cARAIZA , W.D
942 _2udc
_cBK
999 _c13235
_d13235